Statistics for NFL Starting Quarterbacks 2018-19

Click here to take the quiz!

General Stats

  • This quiz has been taken 1,204 times
  • The average score is 26 of 32

Answer Stats

TeamQB% Correct
Atlanta FalconsMatt Ryan
98%
Carolina PanthersCam Newton
96%
Dallas CowboysDak Prescott
95%
Baltimore RavensJoe Flacco
94%
Green Bay PackersAaron Rodgers
92%
Kansas City ChiefsPatrick Mahomes
91%
New England PatriotsTom Brady
91%
Cincinnati BengalsAndy Dalton
90%
New Orleans SaintsDrew Brees
90%
Detroit LionsMatthew Stafford
90%
Los Angeles RamsJared Goff
89%
Buffalo BillsJosh Allen
89%
Cleveland BrownsBaker Mayfield
88%
New York GiantsEli Manning
88%
Seattle SeahawksRussell Wilson
88%
Philadelphia EaglesCarson Wentz
87%
Oakland RaidersDerek Carr
87%
Los Angeles ChargersPhillip Rivers
87%
Houston TexansDeshaun Watson
86%
Minnesota VikingsKirk Cousins
86%
Indianapolis ColtsAndrew Luck
85%
Pittsburgh SteelersBen Roethlisberger
85%
Chicago BearsMitchell Trubisky
81%
Jacksonville JaguarsBlake Bortles
80%
San Francisco 49ersJimmy Garoppolo
79%
Arizona CardinalsJosh Rosen
72%
Miami DolphinsRyan Tannehill
72%
Tennesee TitansMarcus Mariota
71%
New York JetsSam Darnold
68%
Washington RedskinsAlex Smith
56%
Tampa Bay BuccaneersRyan Fitzpatrick
52%
Denver BroncosCase Keenum
46%

Score Distribution

Percentile by Number Answered

Percent of People with Each Score

Your Score History

You have not taken this quiz